LIBRARY & INFORMATION CENTRE, KCAET, TAVANUR

ONLINE PUBLIC ACCESS CATALOGUE (OPAC)

New Sherters oxford english dictionary / (Record no. 7069)

MARC details
000 -LEADER
fixed length control field 00446cam a2200181ua 4500
003 - CONTROL NUMBER IDENTIFIER
control field OSt
008 - FIXED-LENGTH DATA ELEMENTS--GENERAL INFORMATION
fixed length control field 250207b |||||||| |||| 00| 0 eng d
020 ## - INTERNATIONAL STANDARD BOOK NUMBER
ISBN 0-19-861134-X
041 ## - LANGUAGE CODE
Language code of text/sound track or separate title eng
082 ## - DEWEY DECIMAL CLASSIFICATION NUMBER
Classification number 028.73423
Item number BRO/NE
100 ## - MAIN ENTRY--AUTHOR NAME
Personal name Brown, Lesley .
245 ## - TITLE STATEMENT
Title New Sherters oxford english dictionary /
250 ## - EDITION STATEMENT
Edition statement 3 /
260 ## - PUBLICATION, DISTRIBUTION, ETC. (IMPRINT)
Place of publication Oxford :
Name of publisher Clarendon Press. Oxford,
Year of publication 1994.
300 ## - PHYSICAL DESCRIPTION
Number of Pages 1876p.
500 ## - GENERAL NOTE
General note *CSS
942 ## - ADDED ENTRY ELEMENTS (KOHA)
Koha item type Books

No items available.

free website counter